|
|
|
|
| LEADER |
00000nam0a2200000 4500 |
| 001 |
186953 |
| 005 |
20231101224028.0 |
| 035 |
|
|
|a (RuTPU)RU\TPU\book\202849
|
| 035 |
|
|
|a RU\TPU\tpu\6850
|
| 090 |
|
|
|a 186953
|
| 100 |
|
|
|a 20101108d1913 m y0rusy50 ca
|
| 101 |
0 |
|
|a rus
|
| 102 |
|
|
|a RU
|
| 105 |
|
|
|a a j 001zy
|
| 200 |
1 |
|
|a Коленчатые валы
|h Вып. 1: Определение реакций в опорах
|f А. П. Малышев
|
| 210 |
|
|
|a Томск
|c Типо-литография Сибирского Т-ва Печатного Дела
|d 1913
|
| 215 |
|
|
|a II, [4], 61 с.
|c ил.
|
| 300 |
|
|
|a Текст в русской дореформенной орфографии
|
| 300 |
|
|
|a Раздельная пагинация страниц
|
| 316 |
|
|
|5 63413507: ШкА/4143
|a На обложке дарственная надпись: "В библиотеку ТТИ от автора"
|
| 320 |
|
|
|a Литература: с. [3]
|
| 606 |
1 |
|
|a Детали машин
|2 stltpush
|3 (RuTPU)RU\TPU\subj\9144
|9 36422
|
| 610 |
1 |
|
|a машиноведение
|
| 610 |
1 |
|
|a труды учёных ТПУ
|
| 610 |
1 |
|
|a учебные пособия
|
| 610 |
1 |
|
|a коллекция ТПУ
|
| 610 |
1 |
|
|a дарственные надписи
|
| 610 |
1 |
|
|a дары автора
|
| 610 |
1 |
|
|a дары библиотеке
|
| 675 |
|
|
|a 621.81
|v 3
|
| 700 |
|
1 |
|a Малышев
|b А. П.
|c российский инженер-механик
|c профессор ТТИ
|f 1879-1962
|g Александр Петрович
|2 stltpush
|3 (RuTPU)RU\TPU\pers\21871
|
| 801 |
|
0 |
|a RU
|b 63413507
|c 20011210
|g PSBO
|
| 801 |
|
2 |
|a RU
|b 63413507
|c 20221208
|g PSBO
|
| 942 |
|
|
|c BK
|